[Proyecto de un salón de cine]
Guardat en:
| Autor principal: | |
|---|---|
| Format: | Desconegut |
| Publicat: |
[San José, Costa Rica]
1946
|
| Matèries: | |
| Etiquetes: |
Afegir etiqueta
Sense etiquetes, Sigues el primer a etiquetar aquest registre!
|
MARC
| LEADER | 00000 a2200000 4500 | ||
|---|---|---|---|
| 003 | 010927 | ||
| 005 | 20221231143759.0 | ||
| 008 | 140114s1946 c a m 000 ||s d | ||
| 040 | |c cru CEDI | ||
| 090 | |a TFG 04 | ||
| 100 | |a Soto, Jose María |9 16957 | ||
| 245 | |a [Proyecto de un salón de cine] | ||
| 260 | |c 1946 |a [San José, Costa Rica] | ||
| 300 | |a 50 hojas, planos. (color y plegables) ; 29 cm | ||
| 500 | |a Tesis (Ingeniero Civil) Universidad de Costa Rica. | ||
| 650 | |x CONSTRUCCION |9 16958 | ||
| 942 | |c TFG | ||
| 999 | |c 11862 |d 11862 | ||
